000 00337 a2200145 4500
001 154183
040 _cEscola São Tomás de Aquino
100 _aSABINO, Fernando
240 1 0 _aA vitória da infância
_lpor
245 1 0 _aA vitória da infância
300 _a166
362 0 _a1995
697 _aLITERATURA BRASILEIRA
942 _cBK
999 _c154183
_d154183